| 000 | 00992cam a2200217 i 4500 | ||
|---|---|---|---|
| 005 | 20251207081604.0 | ||
| 008 | 250721r2006 ua gr 000 0 ara d | ||
| 082 | 1 | 4 |
_a214.5 _bا ب ن |
| 100 | 1 |
_aابن قيم الجوزية، أبو عبد الله شمس الدين محمد بن أبي بكر بن أيوب _eمؤلف. |
|
| 245 | 1 | 0 |
_aحادي الأرواح إلى بلاد الأفراح / _cلابن قيم الجوزية ؛ تحقيق محمد حواس، عماد قدري العياض. |
| 250 | _aمحققة ومضبوطة وموثقة ومخرجة ومقابلة على نسخة خطية كاملة | ||
| 264 |
_a[القاهرة] : _bدار البيان العربي، _c[2006]. |
||
| 300 | _a427 صفحة. | ||
| 650 | 1 | 7 | _aالعقيدة الدينية. |
| 650 | 1 | 7 | _aالجنة. |
| 650 | 1 | 7 | _aاليوم الآخر. |
| 700 | 1 |
_aحواس، محمد _eمحقق. |
|
| 700 | 1 |
_aالعياض، عماد قدري _eمحقق. |
|
| 942 |
_2ddc _cBK |
||
| 999 |
_c11548 _d11548 |
||